La charpente en bois : (Record no. 11846)
[ view plain ]
| 000 -LEADER | |
|---|---|
| fixed length control field | 00528nam a2200181 a 4500 |
| 040 ## - CATALOGING SOURCE | |
| Transcribing agency | DLC |
| 082 00 - DEWEY DECIMAL CLASSIFICATION NUMBER | |
| Classification number | 624 EDI 1980 A038 Or. |
| 100 1# - MAIN ENTRY--AUTHOR NAME | |
| Personal name | Gazel, Raymond. |
| 245 13 - TITLE STATEMENT | |
| Title | La charpente en bois : |
| Remainder of title | fermes classiques / |
| 250 ## - EDITION STATEMENT | |
| Edition statement | 2e éd., rev. et corr. |
| 260 ## - PUBLICATION, DISTRIBUTION, ETC. (IMPRINT) | |
| Place of publication | Paris : |
| Name of publisher | Editions Eyrolles, |
| Year of publication | 1980. |
| 300 ## - PHYSICAL DESCRIPTION | |
| Number of Pages | 99 p. : |
| Other physical details | ill. ; |
| Dimensions | 21 x 27 cm. |
| 500 ## - GENERAL NOTE | |
| General note | "La charpente en bois : fermes légères" (20 p.) inserted at end. |
| 650 #0 - SUBJECT ADDED ENTRY--TOPICAL TERM | |
| Topical Term | Building, Wooden. |
| 650 #0 - SUBJECT ADDED ENTRY--TOPICAL TERM | |
| Topical Term | Carpentry. |
| 650 #0 - SUBJECT ADDED ENTRY--TOPICAL TERM | |
| Topical Term | Trusses. |
| 942 ## - ADDED ENTRY ELEMENTS (KOHA) | |
| Koha item type | សៀវភៅភាសាបារាំង |
| 952 ## - LOCATION AND ITEM INFORMATION (KOHA) | |
| Withdrawn status [LOCAL, KOHA] | 0 |
| 952 ## - LOCATION AND ITEM INFORMATION (KOHA) | |
| Withdrawn status [LOCAL, KOHA] | 0 |
| 952 ## - LOCATION AND ITEM INFORMATION (KOHA) | |
| Withdrawn status [LOCAL, KOHA] | 0 |
| Permanent Location | Date acquired | Koha item type | Lost status | Shelving location | Barcode | Current Location | Full call number |
|---|---|---|---|---|---|---|---|
| Library Block A | 2017-08-08 | សៀវភៅភាសាបារាំង | A038 | A09971 | Library Block A | 624 EDI 1980 A038 Or. | |
| Library Block A | 2017-08-08 | សៀវភៅភាសាបារាំង | A038 | A11555 | Library Block A | 624 EDI 1980 A038 Or. | |
| Library Block A | 2017-08-08 | សៀវភៅភាសាបារាំង | A038 | A12210 | Library Block A | 624 EDI 1980 A038 Or. |